|
|
|
|
| LEADER |
00000cam a2200000 a 4500 |
| 001 |
vtls008361133 |
| 003 |
SK-MaSNL |
| 005 |
20260301140418.0 |
| 008 |
240314s1975 xo 000 0 slo |
| 015 |
|
|
|a SNBA1975/10-02417
|
| 035 |
|
|
|a SK01SNK19750053350
|
| 035 |
|
|
|a SKM000055813
|
| 040 |
|
|
|a SNK
|b slo
|c SNK
|e AACR2
|
| 041 |
0 |
|
|a slo
|
| 044 |
|
|
|a xo
|c SK
|
| 080 |
|
|
|a 543(075.8)
|2 1981
|
| 100 |
1 |
|
|a Košturiak, Adam,
|d 1940-
|4 aut
|9 80407
|
| 245 |
1 |
0 |
|a Inštrumentálne metódy analytickej chémie
|c [autori:] Adam Košturiak, Pavol Meľuch, Anna Ninčáková
|
| 250 |
|
|
|a 1. vyd.
|
| 260 |
|
|
|a Bratislava
|b Slovenské pedagogické nakladateľstvo
|c 1975
|e Bratislava
|f Západoslovenské tlačiarne
|
| 300 |
|
|
|a 233, [2] s.
|b grafy, sch., tab.
|c 4°
|
| 366 |
|
|
|e 288 výt.
|
| 490 |
1 |
|
|a Vysokoškolské učebné texty
|
| 504 |
|
|
|a Bibliogr.
|
| 650 |
0 |
7 |
|a analytická chémia
|2 SNKPH
|9 849
|
| 650 |
0 |
7 |
|a inštrumentálne metódy
|2 SNKPH
|9 399095
|
| 655 |
|
7 |
|a učebnice vysokých škôl
|2 SNKPH
|9 70191
|
| 700 |
1 |
|
|a Meľuch, Pavol
|4 aut
|9 39701
|
| 700 |
1 |
|
|a Ninčáková, Anna
|4 aut
|9 428139
|
| 830 |
|
0 |
|a Vysokoškolské učebné texty
|9 276539
|
| 852 |
|
|
|a Slovenská národná knižnica v Martine
|b 10000
|h SB 22638
|
| 852 |
|
|
|a Slovenská národná knižnica v Martine
|b 10000
|h SB 22638 D1
|
| 958 |
|
|
|a OND
|
| 999 |
|
|
|c 763580
|d 765510
|
| 952 |
|
|
|a SNK
|b SNK
|y PREZ
|7 0
|p 17A0924262
|o snkSB 22638
|i snkKSP 6553/75
|0 0
|1 0
|4 0
|d 2014-05-16
|f 1
|l 0
|r 2025-03-27 00:00:00
|w 2026-02-24
|